000 01150cab a2200241 4500
001 E2116
008 090401t1994 xxu||||| |||| 00| 0 eng d
035 _a(Sirsi) u37601
041 _aeng
245 _aAshbourne Homes plc v Assessor for Central Region
260 _c1994
350 _a0
490 _aScots Law Times
_v1994 SLT (Lands Tr) 24-27(4)
520 _aLands Tribunal for Scotland. 16 December 1992. Valuation - appeal - application to valuation appeal committee to refer appeal to Lands Tribunal - appeal to Lands Tribunal against committee`s decision not to refer - Valuation Appeal Committee Procedure (Scotland) REgulations 1984 (SI 1984/1506), reg 4 (3)(d) - Valuation for Rating (Decapitalisation Rate)(Scotland) Regulations 1990 (SI 1990/505), reg 2(3).
650 _aLANDS TRIBUNAL FOR SCOTLAND
650 _aLANDS VALUATION APPEAL COMMITTEE
650 _aNURSING HOMES
650 _aVALUATION APPEAL COMMITTEE PROCEDURE (SCOTLAND) REGULATIONS 1984
650 _aVALUATION FOR RATING (DECAPITALISATION RATE)(SCOTLAND) REGULATIONS 199
690 _aRATING AND VALUATION-CASE LAW
942 _n0
948 _c04/03/1997
999 _c24258
_d24258